| 000 | 01006cab a2200265 4500 | ||
|---|---|---|---|
| 001 | ABS48059 | ||
| 008 | 090401t1993 xxu||||| |||| 00| 0 eng d | ||
| 035 | _a(Sirsi) u64717 | ||
| 041 | _aeng | ||
| 100 | _aWyatt, P. | ||
| 245 | _aTowards a national land information system - a co-ordinated research strategy | ||
| 260 | _c1993 | ||
| 350 | _a0 | ||
| 490 |
_aMapping Awareness _v7(1) January/February 1993, 14-16(3) |
||
| 520 | _aReports on research by the Domesday Research Group on aspects of a future national land information system. Concentrates on the identification of potential demand and how, or indeed whether, data suppliers can provide such a system in response. | ||
| 650 | _aDOMESDAY 2000 | ||
| 650 | _aDOMESDAY RESEARCH GROUP | ||
| 650 | _aGIS | ||
| 650 | _aNATALI | ||
| 650 | _aNATIONAL ACCESS TO ALL LAND INFORMATION | ||
| 650 | _aNATIONAL LAND INFORMATION SERVICE | ||
| 690 | _aMANAGEMENT-BUSINESS MANAGEMENT-INFORMATION MANAGEMENT | ||
| 942 | _n0 | ||
| 948 | _c04/03/1997 | ||
| 999 |
_c40321 _d40321 |
||